Geography I know by Letter-Tile Quiz - Statistics

General Stats
  • This quiz has been taken 22 times
  • The average score is 35 of 54
Answer Stats
Question Tile Select % Correct
Letter-Y Yemen Yes
100%
Letter-C Canada Yes
94%
Letter-L Libya Yes
94%
Letter-L Lublinish No
94%
Letter-Y Yemeni No
88%
Letter-Y Yoruba No
88%
Letter-A Algeria Yes
81%
Letter-B Bugunda No
81%
Letter-C Cambodia Yes
81%
Letter-C Canuck No
81%
Letter-L Latin No
81%
Letter-L Libyan No
81%
Letter-Y Yakuza No
81%
Letter-B Benin Yes
75%
Letter-B Burkina Faso Yes
75%
Letter-C Canadian No
75%
Letter-C Colombian No
75%
Letter-L Leeds Yes
75%
Letter-L Liverpool Yes
75%
Letter-Z Zambia Yes
75%
Letter-Z Zambian No
75%
Letter-Z Zimbabwe Yes
75%
Letter-Z Zurich Yes
75%
Letter-A Afar No
69%
Letter-A Alexandria Yes
69%
Letter-A Amhara No
69%
Letter-B Bologna Yes
69%
Letter-B Brisbane Yes
69%
Letter-C Cambridge Yes
69%
Letter-Y Yekaterinburg Yes
69%
Letter-Y Yonkers Yes
69%
Letter-Y Yucatan Yes
69%
Letter-A Argentinian No
63%
Letter-B Bolivian No
63%
Letter-C Chinese No
63%
Letter-C Cuzco Yes
63%
Letter-L Long Beach Yes
63%
Letter-Z Zanzibar Yes
63%
Letter-A Aegean Sea Yes
56%
Letter-B Basra No
56%
Letter-Z Zagreb Yes
56%
Letter-C Cali Yes
50%
Letter-L Laredo Yes
50%
Letter-Y Yerevan Yes
50%
Letter-Z Zaragoza Yes
50%
Letter-A Asmara Yes
38%
Letter-L Los Angeles No
38%
Letter-Y Yalta Yes
38%
Letter-A Afrikaans Yes
31%
Letter-B Bangui Yes
31%
Letter-B Banjul Yes
31%
Letter-Z Zadar Yes
25%
Letter-Z Zulu Yes
25%
Letter-A Asyut Yes
13%
No matching quizzes found
Score Distribution
Percent of People with Each Score
Percentile by Number Answered
Your Score History
You have not taken this quiz